History Quiz

Random History Quiz

Early Russia Quiz Stats

 Plays Quiz not verified by Sporcle

Support Sporcle.
Go Orange.
Score 0/21 Timer 10:00
0 Plays Today
Answer % Correct
Peter
60.7%
Catherin
58.9%
Catherine
44.6%
Byzantine Empire
32.1%
Ivan the terrible
32.1%
Ivan III
25%
Ivan III
25%
Ivan III
25%
Ivan III
25%
Slavs
21.4%
Ivan IV
21.4%
Answer % Correct
Germany
21.4%
Olga
17.9%
Sweden, Norway, Denmark
5.4%
odessa
5.4%
Prince Vladimere
3.6%
Vikings,Turk
3.6%
A powerful Russian landowner
3.6%
a russian farmer that does not own the land he is required to work on
3.6%
Peter Western Europe
3.6%
Flat land called a step
3.6%

You're not logged in!

Compare scores with friends on all Sporcle quizzes.
OR
Log In

From the Vault

NFL Receiving TDs Leaders (Season)

by Ben

To really appreciate these numbers, try this. Have someone throw you a football and while you are catching it, have someone else hit you with a baseball bat...and repeat.
Remove Ads.
Support Sporcle.
Get the best of Sporcle when you Go Orange. This ad-free experience offers more features, more stats, and more fun while also helping to support Sporcle. Thank you for becoming a member.

Show Comments

Extras

Created Feb 15, 2011ReportNominate
Tags:Early, Russia

Top Quizzes Today


Score Distribution

Your Account Isn't Verified!

In order to create a playlist on Sporcle, you need to verify the email address you used during registration. Go to your Sporcle Settings to finish the process.

Report this User

Report this user for behavior that violates our Community Guidelines.

Details: